000 00445nmm a2200145Ia 4500
008 251105s9999||||xx |||||||||||||||||und||
041 _aspa
100 _aMenéndez Rodríguez, Mario
245 0 _aEl Salvador : El por qué de esta guerra
264 _a[Bogotá, Colombia] :
_bOveja Negra,
_c1990
300 _a102 páginas
650 _aPolitical Science (General)
856 _uhttps://public.digitaliapublishing.com/a/30112
942 _cCF
999 _c104164
_d104164